LIBRARY & INFORMATION CENTRE, KCAET, TAVANUR

ONLINE PUBLIC ACCESS CATALOGUE (OPAC)

Schaum`s outline of theory and problems of engineering mechanics: states and dynamics / (Record no. 9316)

MARC details
000 -LEADER
fixed length control field 00514cam a2200181ua 4500
020 ## - INTERNATIONAL STANDARD BOOK NUMBER
ISBN 0 07 099061 1
041 ## - LANGUAGE CODE
Language code of text/sound track or separate title eng
082 ## - DEWEY DECIMAL CLASSIFICATION NUMBER
Classification number 620.101
Item number MCL/SC
100 ## - MAIN ENTRY--AUTHOR NAME
Personal name Mclean, W G .
245 ## - TITLE STATEMENT
Title Schaum`s outline of theory and problems of engineering mechanics: states and dynamics /
250 ## - EDITION STATEMENT
Edition statement 3 /
260 ## - PUBLICATION, DISTRIBUTION, ETC. (IMPRINT)
Place of publication New York :
Name of publisher McGraw Hill Book Company ,
Year of publication 1980.
300 ## - PHYSICAL DESCRIPTION
Number of Pages 408 ; .
700 1# - ADDED ENTRY--PERSONAL NAME
Personal name Nelsen, E W .
942 ## - ADDED ENTRY ELEMENTS (KOHA)
Koha item type Books
Holdings
Withdrawn status Lost status Damaged status Home library Current library Date acquired Full call number Accession Number Koha item type
      KAUAET KAUAET 07/04/2012 620.101 18075 Books
free website counter